Normal view MARC view

Entry Personal Name

Number of records used in: 1

001 - CONTROL NUMBER

  • control field: 48527

003 - CONTROL NUMBER IDENTIFIER

  • control field: OSt

005 - DATE AND TIME OF LATEST TRANSACTION

  • control field: 20241104163030.0

008 - FIXED-LENGTH DATA ELEMENTS

  • fixed length control field: 241104|| aca||aabn | a|a d

040 ## - CATALOGING SOURCE

  • Original cataloging agency: OSt
  • Transcribing agency: OSt

100 ## - HEADING--PERSONAL NAME

  • Personal name: Pullen, Alison and Rhodes, Carl

670 ## - SOURCE DATA FOUND

  • Source citation: Work cat.: (OSt): Pullen, Alison and Rhodes, Carl , Alison Pullen and Carl Rhodes reviews love and hope: A rejoinder to Silvia Gherardi, Gina Grandy, and Emmanouela Mandalaki

Powered by Koha